Petits chefs-d'ouvre historiques / (Record no. 129717)

MARC details
000 -LEADER
campo de control de longitud fija 01003nam a2200217 i 4500
001 - NÚMERO DE CONTROL
campo de control 129717
003 - IDENTIFICADOR DE NÚMERO DE CONTROL
campo de control ES-MaACL
005 - FECHA Y HORA DE LA ÚLTIMA TRANSACCIÓN
campo de control 20250803062534.0
007 - CAMPO FIJO DE DESCRIPCIÓN FÍSICA--INFORMACIÓN GENERAL
campo de control de longitud fija t|
008 - DATOS DE LONGITUD FIJA--INFORMACIÓN GENERAL
campo de control de longitud fija 070704s1846 fr ||||1| fre d
080 ## - NÚMERO DE LA CLASIFICACIÓN DECIMAL UNIVERSAL
Número de la Clasificación Decimal Universal 94
245 00 - MENCIÓN DEL TÍTULO
Título Petits chefs-d'ouvre historiques /
Mención de responsabilidad, etc. précedés d'une introduction et de notices historiques par M. Antoine de Latour.
260 ## - PUBLICACIÓN, DISTRIBUCIÓN, ETC.
Lugar de publicación, distribución, etc. Paris :
Nombre del editor, distribuidor, etc. Librairie de Firmin Didot Frères,
Fecha de publicación, distribución, etc. 1846.
300 ## - DESCRIPCIÓN FÍSICA
Extensión 382 p. ;
Dimensiones 19 cm.
500 ## - NOTA GENERAL
Nota general Biblioteca Jacinto Martínez Lacalle.
505 8# - NOTA DE CONTENIDO CON FORMATO
Nota de contenido con formato Contiene: t. I. La conspiration de Walstein / par Sarrazin . La conspiration de Fiesque / par le cardinal de Retz . Relation des campagnes de Rocroy et de Fribourg / par Henri de Bessé . Histoire de la révolution de Rusie en 1762 / par Rulhières . Précis de l'histoire des Maures en Espagne / par Florian
650 17 - PUNTO DE ACCESO ADICIONAL DE MATERIA--TÉRMINO DE MATERIA
Término de materia o nombre geográfico como elemento de entrada Historia
Fuente del encabezamiento o término embne
9 (RLIN) 179933
700 1# - ENTRADA AGREGADA--NOMBRE PERSONAL
Nombre de persona Latour, Antoine de (
Fechas asociadas al nombre 1808-1881)
9 (RLIN) 128733
852 ## - LOCALIZACIÓN
Ubicación ES-MaACL
Número de control de estantería E-11814
Sublocalización o colección R.138993
Holdings
Estatus retirado Estado de pérdida Estado de daño No para préstamo Colección Biblioteca de origen Biblioteca actual Ubicación en estantería Fecha de adquisición Fuente de adquisición Total de préstamos Signatura topográfica completa Código de barras Visto por última vez Precio de reemplazo Tipo de ítem Koha
        Libros del s. XIX Biblioteca del Ateneo de Madrid Biblioteca del Ateneo de Madrid Depósito 2 17/01/2008     E-11814 1135072 23/02/2023 23/02/2023 Libro impreso antiguo